Os 15 principais países com mortes por Covid19 - 22 de setembro 2021 - Statistics

Estatísticas Gerais
  • Esse quiz foi jogado 7 vezes
  • A pontuação média é 12 de 25
Estatísticas das Respostas
país % Correto
Brasil
100%
Estados Unidos
80%
Alemanha
60%
Argentina
60%
Bélgica
60%
Eslováquia
60%
França
60%
Índia
60%
México
60%
Reino Unido
60%
Rússia
60%
Bulgária
40%
Chéquia
40%
Colômbia
40%
Eslovénia
40%
Hungria
40%
Indonésia
40%
Itália
40%
Paraguai
40%
Peru
40%
África do Sul
20%
Bósnia e Herzegovina
20%
Geórgia
20%
Irão
20%
Macedónia do Norte
0%
Nenhum quiz correspondente encontrado
Distribuição das Pontuações
Porcentagem de Pessoas com Cada Pontuação
Percentil de Números Respondidos
Sua Pontuação Histórica
Você não jogou esse quiz